Oscarok, eldugva régi győztesek: Jiří Menzel és Szabó István

Bibliographic Details
Main Author: Szabó, László G., 1955- (Author, Interviewer)
Format: Article
Language:Hungarian
PhysicalDescription:Fotogr.
Subjects:

MARC

LEADER 00000nab a2200000 ar4500
001 vtls008959148
003 SK-MaSNL
005 20260319071337.0
008 070223c2007 xo |||||||| 000 b|hun
015 |a SNBRB2007/02  |2 snkbucl 
038 |a SNKBUCL 
040 |a DSZK  |b slo  |c DSZK  |e AACR2 
041 0 |a hun 
044 |a xo  |c SK 
080 |a 791.44.071.2  |2 1997 
100 1 |a Szabó, László G.,  |d 1955-  |4 ivr  |4 aut  |9 840019 
245 1 0 |a Oscarok, eldugva  |b régi győztesek: Jiří Menzel és Szabó István  |c Szabó G. László 
300 |b Fotogr. 
600 1 7 |a Menzel, Jiří,  |d 1938-2020  |2 snkbucl  |9 104654 
600 1 7 |a Szabó, István,  |d 1938-  |2 snkbucl  |9 116507 
773 0 |t Vasárnap  |g Évf. 40, sz. 8 (2007), o. 19-21 
852 |a SNK  |b KIS3GCP 
852 |a DSZK  |b KIS3GCP 
958 |a HU 
958 |a CZ 
958 |a BC 
999 |c 1758045  |d 1759975